[Event "Riga President Blitz Cup"]
[Site "Riga"]
[Date "2018.01.27"]
[Round "5"]
[White "Dunaveckis, Deniss"]
[Black "Krivonosov, Oleg"]
[Result "1/2-1/2"]
[WhiteElo "2171"]
[BlackElo "2413"]
[PlyCount "70"]
[EventDate "2018.01.27"]
[EventType "swiss (blitz)"]
[EventRounds "11"]
[EventCountry "LAT"]
[SourceTitle "CBM 182 Extra"]
[Source "ChessBase"]
[SourceDate "2018.02.23"]
[SourceVersion "1"]
[SourceVersionDate "2018.02.23"]
[SourceQuality "1"]

1. e4 e5 2. Nf3 Nc6 3. Nc3 Nf6 4. Bb5 Bd6 5. d4 Nxd4 6. Nxd4 exd4 7. Qxd4 Qe7 8. Bg5 Be5 9. Bxf6 Bxd4 10. Bxe7 Bxc3+ 11. bxc3 Kxe7 12. 0-0-0 c6 13. Bc4 d6 14. Rd2 Be6 15. Bb3 Rhd8 16. f4 a5 17. Rd4 b5 18. Bxe6 fxe6 19. Rhd1 d5 20. exd5 exd5 21. R4d2 Kf7 22. Re2 Re8 23. Rde1 Rxe2 24. Rxe2 a4 25. a3 h6 26. g4 h5 27. gxh5 Rh8 28. Re5 Rh6 29. Kd2 g6 30. hxg6+ Rxg6 31. Ke3 Rh6 32. Kd4 Rxh2 33. Kc5 Rxc2 34. Kxc6 Rxc3+ 35. Kxb5 Rc2 1/2-1/2

[Event "LAT-ch"]
[Site "Riga"]
[Date "2013.04.20"]
[Round "9"]
[White "Osis, Reinars"]
[Black "Dunaveckis, Deniss"]
[Result "1-0"]
[WhiteElo "2143"]
[BlackElo "2043"]
[PlyCount "161"]
[EventDate "2013.04.13"]
[EventType "swiss"]
[EventRounds "9"]
[EventCountry "LAT"]
[SourceTitle "CBM 154 Extra"]
[Source "ChessBase"]
[SourceDate "2013.06.25"]
[SourceVersion "2"]
[SourceVersionDate "2013.06.25"]
[SourceQuality "1"]

1. d4 Nf6 2. Nf3 e6 3. Bf4 Be7 4. e3 b6 5. Nbd2 Bb7 6. Bd3 c5 7. c3 Nc6 8. 0-0 Rc8 9. Nc4 d5 10. Nce5 Nd7 11. Nxc6 Bxc6 12. Ba6 Ra8 13. a4 f6 14. b4 Nb8 15. Bd3 c4 16. Bc2 0-0 17. Qb1 f5 18. g4 Qc8 19. Kh1 Kh8 20. Rg1 Be8 21. h3 a6 22. Rg2 Nc6 23. Qb2 Qd8 24. gxf5 exf5 25. Rag1 g6 26. Bh6 Rg8 27. h4 Bf6 28. h5 Ne7 29. Qb1 Qc8 30. Rg3 Qe6 31. R1g2 Bf7 32. Ng5 Bxg5 33. Rxg5 Rae8 34. Qg1 Qf6 35. hxg6 Rxg6 36. Rxg6 Bxg6 37. Qh2 Qe6 38. Qc7 Bh5 39. Bg7+ Kg8 40. Be5+ Kf8 41. Rg3 Rc8 42. Qa7 Qc6 43. Rg7 Bf7 44. Rxh7 Ra8 45. Qc7 Qxc7 46. Bxc7 b5 47. a5 Kg8 48. Rh6 Bg6 49. Be5 Kf7 50. Bd1 Re8 51. Bf3 Rd8 52. Kg2 Nc6 53. Kg3 Rd7 54. Rh8 Nd8 55. Kh4 Ke6 56. Rg8 Bf7 57. Rf8 Nc6 58. Bf4 Rd8 59. Bh6 Rxf8 60. Bxf8 Kf6 61. Kg3 Kg5 62. Bg7 Be6 63. Be5 Bf7 64. Bg2 Be6 65. Bh3 Bf7 66. f3 Bg8 67. e4 Nxe5 68. f4+ Kh6 69. fxe5 dxe4 70. Bxf5 Bd5 71. Kf4 Bb7 72. Bxe4 Bc8 73. d5 Kg7 74. Bf5 Bb7 75. Ke4 Kf7 76. Kd4 Ke7 77. d6+ Kd8 78. Kc5 Bf3 79. e6 Bh5 80. Kb6 Ke8 81. Kc7 1-0

[Event "LAT-ch"]
[Site "Riga"]
[Date "2013.04.17"]
[Round "6"]
[White "Dunaveckis, Deniss"]
[Black "Putka, Verner"]
[Result "1/2-1/2"]
[WhiteElo "2043"]
[BlackElo "2321"]
[PlyCount "153"]
[EventDate "2013.04.13"]
[EventType "swiss"]
[EventRounds "9"]
[EventCountry "LAT"]
[SourceTitle "CBM 154 Extra"]
[Source "ChessBase"]
[SourceDate "2013.06.25"]
[SourceVersion "2"]
[SourceVersionDate "2013.06.25"]
[SourceQuality "1"]

1. e4 e5 2. Nf3 Nf6 3. Nxe5 d6 4. Nf3 Nxe4 5. c4 Nc6 6. d4 d5 7. cxd5 Bb4+ 8. Bd2 Nxd2 9. Nbxd2 Qxd5 10. a3 Bxd2+ 11. Qxd2 0-0 12. Be2 Bg4 13. 0-0 Nxd4 14. Nxd4 Bxe2 15. Qxe2 Qxd4 16. Rad1 Qb6 17. Rfe1 c5 18. Qe5 Rac8 19. Rd7 Qc6 20. Qe7 b5 21. h4 c4 22. Re3 a5 23. Rd6 Qc7 24. Qxc7 Rxc7 25. Rb6 Rc5 26. Re7 c3 27. bxc3 g6 28. Reb7 Ra8 29. Rxb5 Rxc3 30. Rb3 Rac8 31. Rb8 Kg7 32. R8b5 a4 33. R3b4 Rxa3 34. Ra5 Ra1+ 35. Kh2 Rc2 36. Rbxa4 Rxa4 37. Rxa4 Rxf2 38. Kg3 Rf5 39. Kh3 h6 40. g3 Rf2 41. Ra5 h5 42. Rb5 Kf6 43. Ra5 Kg7 44. Rb5 Kh6 45. Ra5 f6 46. Ra6 g5 47. hxg5+ Kxg5 48. Ra4 Re2 49. Rb4 f5 50. Rb8 Re6 51. Rg8+ Rg6 52. Rf8 h4 53. gxh4+ Kf4 54. Ra8 Rg3+ 55. Kh2 Rd3 56. Ra4+ Kf3 57. h5 f4 58. h6 Kg4 59. h7 Rh3+ 60. Kg2 Rxh7 61. Ra3 Rd7 62. Kf2 Rd2+ 63. Kf1 Rb2 64. Rc3 Rh2 65. Ra3 Rh1+ 66. Kf2 Rh2+ 67. Kf1 f3 68. Ra8 Rh4 69. Kf2 Rh2+ 70. Kf1 Rd2 71. Rg8+ Kf4 72. Rf8+ Ke3 73. Re8+ Kd3 74. Rd8+ Ke3 75. Rxd2 Kxd2 76. Kf2 Kd3 77. Kxf3 1/2-1/2

[Event "LAT-ch"]
[Site "Riga"]
[Date "2013.04.16"]
[Round "5"]
[White "Dunaveckis, Deniss"]
[Black "Sveshnikov, Vladimir"]
[Result "0-1"]
[WhiteElo "2043"]
[BlackElo "2434"]
[PlyCount "62"]
[EventDate "2013.04.13"]
[EventType "swiss"]
[EventRounds "9"]
[EventCountry "LAT"]
[SourceTitle "CBM 154 Extra"]
[Source "ChessBase"]
[SourceDate "2013.06.25"]
[SourceVersion "2"]
[SourceVersionDate "2013.06.25"]
[SourceQuality "1"]

1. d4 d5 2. c4 e6 3. Nc3 c6 4. e3 Nf6 5. Nf3 Nbd7 6. Bd3 dxc4 7. Bxc4 b5 8. Bd3 Bb7 9. 0-0 a6 10. e4 c5 11. d5 Qc7 12. Re1 c4 13. Bc2 0-0-0 14. Ng5 Nc5 15. Qf3 e5 16. Qf5+ Kb8 17. Nf3 Bd6 18. Be3 Bc8 19. Qg5 h6 20. Qg3 Nh5 21. Qh4 g6 22. Bxc5 Qxc5 23. g4 Nf4 24. Qg3 h5 25. Ng5 Qc7 26. f3 Bc5+ 27. Kf1 h4 28. d6 hxg3 29. dxc7+ Kxc7 30. Re2 Rxh2 31. Nd5+ Rxd5 0-1

[Event "LAT-ch"]
[Site "Riga"]
[Date "2013.04.15"]
[Round "4"]
[White "Krustkalns, Kristaps"]
[Black "Dunaveckis, Deniss"]
[Result "0-1"]
[WhiteElo "2244"]
[BlackElo "2043"]
[PlyCount "102"]
[EventDate "2013.04.13"]
[EventType "swiss"]
[EventRounds "9"]
[EventCountry "LAT"]
[SourceTitle "CBM 154 Extra"]
[Source "ChessBase"]
[SourceDate "2013.06.25"]
[SourceVersion "2"]
[SourceVersionDate "2013.06.25"]
[SourceQuality "1"]

1. e4 e6 2. d4 d5 3. Nc3 Bb4 4. exd5 exd5 5. Bd3 Nc6 6. a3 Be7 7. Be3 Bf6 8. Qh5 Nge7 9. Nge2 Be6 10. Nf4 g6 11. Nxe6 fxe6 12. Qg4 Nf5 13. Bb5 Qd7 14. 0-0-0 0-0-0 15. Bg5 Bxg5+ 16. Qxg5 a6 17. Bxc6 Qxc6 18. Rhe1 Rde8 19. Ne2 e5 20. dxe5 Rxe5 21. Nd4 Nxd4 22. Qg4+ Qe6 23. Qxd4 Rxe1 24. Qxh8+ Kd7 25. Qxh7+ Kc6 26. Qh4 Qe2 27. Qf6+ Kb5 28. a4+ Kxa4 29. Qd4+ Kb5 30. Qxd5+ Kb6 31. Qd4+ c5 32. Qd6+ Kb5 33. Qd3+ Qxd3 34. cxd3 Re2 35. Rd2 Re1+ 36. Kc2 Kc6 37. d4 c4 38. d5+ Kd6 39. Kc3 b5 40. f4 Re4 41. g3 a5 42. Rf2 b4+ 43. Kd2 Rd4+ 44. Ke3 Rxd5 45. g4 a4 46. f5 gxf5 47. gxf5 Ke7 48. Rc2 c3 49. bxc3 b3 50. f6+ Kf7 51. Rg2 a3 0-1

[Event "Baltija Cup"]
[Site "Palanga"]
[Date "2012.06.22"]
[Round "7"]
[White "Poska, Karolis"]
[Black "Dunaveckis, Deniss"]
[Result "0-1"]
[WhiteElo "1887"]
[BlackElo "2005"]
[PlyCount "70"]
[EventDate "2012.06.19"]
[EventType "swiss"]
[EventRounds "8"]
[EventCountry "LTU"]
[SourceTitle "CBM 149 Extra"]
[Source "ChessBase"]
[SourceDate "2012.08.24"]
[SourceVersion "1"]
[SourceVersionDate "2012.08.24"]
[SourceQuality "1"]

1. e4 e5 2. Nf3 Nc6 3. Bc4 Bc5 4. c3 Nf6 5. d3 0-0 6. 0-0 d6 7. Bb3 Bb6 8. Nbd2 Ne7 9. Re1 Ng6 10. Nf1 c6 11. Ng3 h6 12. h3 d5 13. Qe2 Re8 14. Nh2 Be6 15. Bd2 Nf4 16. Bxf4 exf4 17. Nh5 dxe4 18. Nxf6+ Qxf6 19. Bxe6 e3 20. Bxf7+ Qxf7 21. d4 c5 22. Nf3 Rad8 23. fxe3 cxd4 24. Nxd4 Rxe3 25. Qf2 Rxd4 26. cxd4 Bxd4 27. Kf1 Qc4+ 28. Re2 Rxh3 29. gxh3 Bxf2 30. Kxf2 Qd3 31. Rg1 Qxh3 32. Re8+ Kf7 33. Re4 g5 34. Rge1 Qh2+ 35. Kf3 g4+ 0-1